000 00691nas a2200229 a 4500
001 000472356
003 AM-YEHGA
005 20250617133901.0
008 060126c19179999aj |rzp 0 0arm d
040 _aAM-YeHGA
041 0 _aarm
222 0 _aԳործ
245 0 0 _aԳործ :
_bԳրական, գիտական, հասարակական և քաղաքակաան ամսագիր /
260 _aԲաքու :
_bՎէրա,
_c1917-.
300 _aհամար
362 0 _a1917-
650 0 4 _aԱմսագիր
650 1 4 _aԳիտություն
_vՊարբերականներ
650 1 4 _aՔաղաքականություն
_vՊարբերականներ
942 _2udc
_cCR
090 _c174228
999 _c172789
_d172789